000 00468nam a2200181 a 4500
001 1803
003 CO-ViMGA
008 141112s2004 ck r 000 u spa d
040 _aCO-ViMGA
_bspa
_cCO-ViMGA
082 0 4 _a176 E143
100 1 _aEaker Weil, Bonnie
_950323
245 1 0 _aAdulterio :
_bel engaño perdonable
260 _aBogotá :
_bJavier Vergara,
_c1994
300 _a237 p
490 _aPara vivir mejor
650 1 4 _aADULTERIO
_950324
942 _2ddc
_cBK
999 _c13963
_d13963